[Event "Erbil Khanzad op 14th"]
[Site "Erbil"]
[Date "2019.12.16"]
[Round "8.6"]
[White "Ali Adnan, Younus"]
[Black "Alawash, Firass"]
[Result "1-0"]
[WhiteElo "1745"]
[BlackElo "1809"]
[PlyCount "107"]
[EventDate "2019.12.12"]
[EventType "swiss"]
[EventRounds "9"]
[EventCountry "IRQ"]
[SourceTitle "CBM 193 Extra"]
[Source "ChessBase"]
[SourceDate "2020.01.31"]
[SourceVersion "1"]
[SourceVersionDate "2020.01.31"]
[SourceQuality "1"]

1. e4 d5 2. exd5 Nf6 3. Nf3 Nxd5 4. d4 Bf5 5. c4 Nb4 6. Qa4+ N8c6 7. Na3 e6 8. Be3 Be7 9. Ne5 0-0 10. Nxc6 Nxc6 11. c5 Bf6 12. Rd1 Qd5 13. Nb5 Qd8 14. Be2 Ne7 15. Nc3 c6 16. 0-0 Nd5 17. Bf3 Bg5 18. Nxd5 exd5 19. Qb3 Rb8 20. Qc3 Re8 21. Rfe1 Qf6 22. Bxg5 Qxg5 23. Re3 Rxe3 24. Qxe3 Qxe3 25. fxe3 Re8 26. Kf2 Be4 27. Bxe4 Rxe4 28. b4 f5 29. g3 g5 30. Kf3 Kf7 31. a4 Ke6 32. b5 Kd7 33. b6 axb6 34. cxb6 Re8 35. a5 Ra8 36. Ra1 Ra6 37. h4 h6 38. hxg5 hxg5 39. Rh1 Rxa5 40. Rh7+ Kc8 41. Rh8+ Kd7 42. Rh7+ Kc8 43. Rh8+ Kd7 44. Rh7+ Kd6 45. Rxb7 c5 46. dxc5+ Kxc5 47. Rf7 f4 48. gxf4 gxf4 49. b7 Rb5 50. exf4 Rb3+ 51. Ke2 Kc6 52. f5 Kd6 53. Kd2 Rb6 54. Rf6+ 1-0

[Event "IRQ-ch"]
[Site "Baghdad"]
[Date "2018.07.05"]
[Round "11"]
[White "Ali Adnan, Younus"]
[Black "Taleb, Salem Hatam"]
[Result "0-1"]
[WhiteElo "1751"]
[BlackElo "2112"]
[PlyCount "104"]
[EventDate "2018.06.27"]
[EventType "swiss"]
[EventRounds "11"]
[EventCountry "IRQ"]
[SourceTitle "EXT 2019"]
[Source "ChessBase"]
[SourceDate "2018.10.10"]
[SourceVersion "1"]
[SourceVersionDate "2018.10.10"]
[SourceQuality "1"]

1. Nf3 g6 2. d4 Bg7 3. b3 c5 4. Bb2 d5 5. e3 Nc6 6. a3 Nh6 7. Nbd2 Bg4 8. c3 Qb6 9. b4 c4 10. a4 f5 11. Ba3 Nf7 12. h3 Bh5 13. Qb1 e5 14. Qb2 e4 15. Ng1 Qd8 16. Rb1 b6 17. Nxc4 dxc4 18. Bxc4 0-0 19. Qa2 g5 20. Ne2 Ne7 21. Rb2 Rc8 22. Be6 Rc7 23. c4 Qd6 24. c5 bxc5 25. bxc5 Qa6 26. Ng3 Bg6 27. Qb3 f4 28. Bc4 Qf6 29. Nf1 Nc6 30. Qd1 Rd8 31. Rd2 Rb7 32. Bb5 Ne7 33. Nh2 a6 34. c6 Nxc6 35. Bxa6 Rbb8 36. 0-0 Nxd4 37. Rxd4 Rxd4 38. exd4 Qxa6 39. Ng4 h5 40. Ne5 Nxe5 41. dxe5 Qe6 42. Bd6 Bxe5 43. Bxb8 Bxb8 44. Qd8+ Qe8 45. Qxg5 e3 46. fxe3 Qxe3+ 47. Kh1 Kh7 48. a5 Qe2 49. Rf3 Bd6 50. Qd5 Qa6 51. Rb3 Qf1+ 52. Kh2 f3+ 0-1

[Event "IRQ-ch"]
[Site "Baghdad"]
[Date "2018.07.04"]
[Round "10"]
[White "Ali Adnan, Younus"]
[Black "Adil, Ali Jalal"]
[Result "0-1"]
[WhiteElo "1751"]
[BlackElo "2094"]
[PlyCount "98"]
[EventDate "2018.06.27"]
[EventType "swiss"]
[EventRounds "11"]
[EventCountry "IRQ"]
[SourceTitle "EXT 2019"]
[Source "ChessBase"]
[SourceDate "2018.10.10"]
[SourceVersion "1"]
[SourceVersionDate "2018.10.10"]
[SourceQuality "1"]

1. Nf3 d5 2. g3 Nf6 3. Bg2 c5 4. 0-0 Nc6 5. c4 d4 6. d3 e5 7. b4 cxb4 8. a3 bxa3 9. Nxa3 Be7 10. Qb3 0-0 11. e3 dxe3 12. Bxe3 Ng4 13. Bc1 Qb6 14. Qxb6 axb6 15. h3 Nf6 16. Bb2 Bf5 17. Rfd1 Rfd8 18. Bf1 e4 19. Nh4 Be6 20. Nb5 Rxa1 21. Bxa1 exd3 22. Rxd3 Rxd3 23. Bxd3 Bxh3 24. Nf5 Bxf5 25. Bxf5 Na5 26. Bd3 Nb3 27. Be5 Nd7 28. Bd6 Bxd6 29. Nxd6 Nbc5 30. Bf5 Kf8 31. Nxb7 Nxb7 32. Bxd7 Ke7 33. Bc6 Na5 34. Bd5 f6 35. Kf1 Kd6 36. Ke2 Kc5 37. Bg8 Nxc4 38. Bxh7 Kd4 39. f4 b5 40. Kf3 b4 41. Kg4 b3 42. Kh5 Nd2 43. Bg8 b2 44. Ba2 Ne4 45. Bb1 Nxg3+ 46. Kg6 Ke3 47. f5 Kf4 48. Bc2 Ne2 49. Kxg7 Ke5 0-1

[Event "IRQ-ch"]
[Site "Baghdad"]
[Date "2018.06.30"]
[Round "6"]
[White "Ali Adnan, Younus"]
[Black "Sajjad, Abbas Khudhair"]
[Result "1-0"]
[WhiteElo "1751"]
[BlackElo "1780"]
[PlyCount "95"]
[EventDate "2018.06.27"]
[EventType "swiss"]
[EventRounds "11"]
[EventCountry "IRQ"]
[SourceTitle "EXT 2019"]
[Source "ChessBase"]
[SourceDate "2018.10.10"]
[SourceVersion "1"]
[SourceVersionDate "2018.10.10"]
[SourceQuality "1"]

1. d4 d5 2. c4 e6 3. Nf3 Nf6 4. Nc3 Nbd7 5. e3 c6 6. Be2 Be7 7. 0-0 dxc4 8. Bxc4 b5 9. Bd3 a6 10. b3 c5 11. Bb2 Bb7 12. Rc1 0-0 13. Qe2 Rc8 14. Rfd1 Qb6 15. Bb1 Rfd8 16. dxc5 Bxc5 17. h3 Bd6 18. Ng5 Be7 19. Nge4 Nf8 20. Rxd8 Qxd8 21. Rd1 Qc7 22. Rc1 Qb8 23. Nxf6+ Bxf6 24. Ne4 Rxc1+ 25. Bxc1 Bxe4 26. Bxe4 Qe5 27. Qc2 g6 28. f4 Qa1 29. Kf2 Kg7 30. Bc6 b4 31. Be8 Bc3 32. Bd2 h5 33. Bxc3+ bxc3 34. Ke2 Nh7 35. Kd3 Nf6 36. Bc6 Kg8 37. Qxc3 Qf1+ 38. Kc2 Nd5 39. Bxd5 exd5 40. Qd2 h4 41. Qxd5 Kg7 42. Qd2 f6 43. Kb2 f5 44. b4 Kf6 45. a4 Ke6 46. Qc2 Kd5 47. Qc5+ Ke4 48. Qd4# 1-0

[Event "IRQ-ch"]
[Site "Baghdad"]
[Date "2018.06.29"]
[Round "4"]
[White "Ali Adnan, Younus"]
[Black "Esam, Naama Lafta"]
[Result "1-0"]
[WhiteElo "1751"]
[BlackElo "1972"]
[PlyCount "89"]
[EventDate "2018.06.27"]
[EventType "swiss"]
[EventRounds "11"]
[EventCountry "IRQ"]
[SourceTitle "EXT 2019"]
[Source "ChessBase"]
[SourceDate "2018.10.10"]
[SourceVersion "1"]
[SourceVersionDate "2018.10.10"]
[SourceQuality "1"]

1. d4 f5 2. c4 Nf6 3. Nc3 g6 4. Qc2 Bg7 5. Bg5 Nc6 6. Nf3 d6 7. e3 0-0 8. h4 h6 9. Bxf6 Bxf6 10. Nd5 Bg7 11. Nf4 Qe8 12. Nd5 Qd8 13. Nf4 Qe8 14. Nd5 Qd8 15. Nf4 Kh7 16. h5 g5 17. Ng6 Rf7 18. d5 Nb4 19. Qd2 c5 20. a3 Na6 21. Bd3 Nc7 22. Qc2 Kg8 23. e4 e6 24. dxe6 Nxe6 25. exf5 Qa5+ 26. Kf1 Nd4 27. Nxd4 Bxd4 28. Re1 Qd8 29. g4 Bd7 30. Be4 Bc6 31. Bxc6 bxc6 32. Kg2 Rb8 33. b3 Rfb7 34. Rh3 d5 35. Qe2 Qf6 36. cxd5 cxd5 37. Ne7+ Kh8 38. Nxd5 Qc6 39. Qe4 Rxb3 40. Rxb3 Rxb3 41. Qe6 Rb6 42. Qe8+ Kh7 43. Re7+ Bg7 44. Qg6+ Qxg6 45. hxg6+ 1-0

[Event "IRQ-ch"]
[Site "Baghdad"]
[Date "2017.08.13"]
[Round "7"]
[White "Ali Adnan, Younus"]
[Black "Adil, Ali Jalal"]
[Result "1/2-1/2"]
[WhiteElo "1813"]
[BlackElo "2141"]
[PlyCount "115"]
[EventDate "2017.08.10"]
[EventType "swiss"]
[EventRounds "11"]
[EventCountry "IRQ"]
[SourceTitle "CBM 180 Extra"]
[Source "ChessBase"]
[SourceDate "2017.10.06"]
[SourceVersion "1"]
[SourceVersionDate "2017.10.06"]
[SourceQuality "1"]

1. d4 Nf6 2. Nf3 e6 3. e3 c5 4. c4 cxd4 5. exd4 d5 6. Nc3 Nc6 7. h3 Be7 8. Bd3 dxc4 9. Bxc4 a6 10. a4 0-0 11. 0-0 Qc7 12. Qe2 Bd7 13. Be3 Rad8 14. Rac1 Qa5 15. Rfd1 Be8 16. Qc2 Nb4 17. Qb3 b5 18. axb5 axb5 19. Be2 Nfd5 20. Nxd5 Nxd5 21. Ra1 Qb6 22. Bd2 b4 23. Ra6 Qb8 24. Ra5 Bd6 25. Rda1 Bc6 26. Bc4 h6 27. Qd1 Bf4 28. Ne5 Bxe5 29. dxe5 Qxe5 30. Bxb4 Qe4 31. Bxf8 Nf4 32. Qf3 Qxc4 33. Rc5 Qxc5 34. Bxc5 Bxf3 35. gxf3 Nxh3+ 36. Kh2 Ng5 37. Kg2 Rd3 38. b4 Rb3 39. Ra8+ Kh7 40. Rb8 e5 41. b5 Ne6 42. Bd6 f6 43. b6 h5 44. Kg3 Nf4 45. Bc7 g5 46. Ra8 g4 47. Ra7 Nd5 48. Bd6+ Kg6 49. b7 Rxf3+ 50. Kg2 Nf4+ 51. Kf1 g3 52. b8Q Rxf2+ 53. Ke1 Nd3+ 54. Kd1 Nb2+ 55. Kc1 Nd3+ 56. Kd1 Nb2+ 57. Kc1 Nd3+ 58. Kb1 1/2-1/2

[Event "Baghdad op 5th"]
[Site "Baghdad"]
[Date "2017.03.16"]
[Round "1"]
[White "Abdulwahhab, Ahmed Abdulsattar"]
[Black "Ali Adnan, Younus"]
[Result "1-0"]
[WhiteElo "2221"]
[BlackElo "1837"]
[PlyCount "43"]
[EventDate "2017.03.16"]
[EventType "swiss"]
[EventRounds "9"]
[EventCountry "IRQ"]
[SourceTitle "CBM 177 Extra"]
[Source "ChessBase"]
[SourceDate "2017.04.27"]
[SourceVersion "1"]
[SourceVersionDate "2017.04.27"]
[SourceQuality "1"]

1. e4 e5 2. Nf3 Nc6 3. d4 exd4 4. Bc4 Nf6 5. e5 d5 6. Bb5 Ne4 7. Nxd4 Bd7 8. Bxc6 bxc6 9. 0-0 Be7 10. f3 Nc5 11. f4 0-0 12. f5 Ne4 13. Nd2 Bg5 14. Nxe4 Bxc1 15. Qxc1 dxe4 16. f6 h6 17. fxg7 Kxg7 18. Rf6 Rh8 19. Qf4 Qe7 20. Rf1 Raf8 21. e6 fxe6 22. Qg4+ 1-0